| 000 | 00699cam a2200217 4500 | ||
|---|---|---|---|
| 001 | WB3611-04 | ||
| 008 | 000000n2000 000 0 eng u | ||
| 035 | _a(Sirsi) u104767 | ||
| 245 | _aHigher margins bolster contractors | ||
| 260 | _c2000 | ||
| 490 |
_aFinancial Times _v10 March 2000, 28(1) |
||
| 520 | _aAmec and Mowlem have boosted their margins through the use of negotiated contracts, where savings or cost overruns are shared between the two parties involved. | ||
| 590 | _aWB | ||
| 650 | _aNEGOTIATED CONTRACTS | ||
| 650 | _aAMEC | ||
| 650 | _aMOWLEM | ||
| 650 | _aPROFIT MARGINS | ||
| 650 | _aCONTRACTORS | ||
| 690 | _aBUILT ENVIRONMENT-BUILDING CONTRACT FORMS | ||
| 942 | _n0 | ||
| 999 |
_c62857 _d62857 |
||